| 000 | 00682nam a22002055i 4500 | ||
|---|---|---|---|
| 001 | 160954 | ||
| 003 | ES-MaACL | ||
| 005 | 20250820094843.0 | ||
| 008 | 990526s1873 po |||| | por d | ||
| 040 |
_aCCPB | B _bspa _cCCPB | B |
||
| 100 | 1 |
_aPires, A. de Oliveira. _9131181 |
|
| 245 | 1 | 3 |
_aOs Jesuitas _b: romance historico do seculo XVIII / _cpor A. de Oliveira Pires. |
| 250 | _a2ª ed. | ||
| 260 |
_aLisboa : _bEmpreza editora de romances instructivos, _c1873. |
||
| 300 |
_a[2], XIII, 314, [3] p. ; _c19 cm. |
||
| 610 | 2 | 4 |
_aJesuitas _95348 |
| 752 |
_aPortugal - _dLisboa |
||
| 852 |
_aES-MaACL _jG-8537 _z-- Enc. pasta española |
||
| 999 |
_c160954 _d160954 |
||